| 000 | 00651pam a2200193 a 4500 | ||
|---|---|---|---|
| 020 | _a0890065632 | ||
| 082 | 0 | 0 | _a621.384135 |
| 245 | 0 | 0 |
_aPractical phased-array antenna systems _cEli Brookner, editor. |
| 260 |
_aBoston : _bArtech House, _cc1991. |
||
| 300 |
_a1 v. (various pagings) : _bill. ; _c29 cm. |
||
| 440 | 4 | _989631 | |
| 504 | _aIncludes bibliographical references and index. | ||
| 650 | 0 |
_aPhased array antennas. _989632 |
|
| 700 | 1 |
_aBrookner, Eli, _d1931- _989633 |
|
| 942 |
_2ddc _cBK |
||
| 999 |
_c588270 _d588270 |
||